Các bài thực hành Word 2000 cho người làmvăn phòng /

সংরক্ষণ করুন:
গ্রন্থ-পঞ্জীর বিবরন
প্রধান লেখক: Lê Hoàng Phong
বিন্যাস: গ্রন্থ
ভাষা:Vietnamese
প্রকাশিত: TKE 2000
ট্যাগগুলো: ট্যাগ যুক্ত করুন
কোনো ট্যাগ নেই, প্রথমজন হিসাবে ট্যাগ করুন!
Thư viện lưu trữ: Mạng thư viện Đại học Đà Nẵng
LEADER 00653nam a2200265 4500
001 000028255
003 TH200
005 20150403120000.0
008 150403s vm 000 vie
020 |c 0,0000 
040 |a notts 
100 |a Lê Hoàng Phong 
245 |a Các bài thực hành Word 2000 cho người làmvăn phòng /  |c Lê Hoàng Phong, Phương Mai. 
260 |b TKE  |c 2000 
OWN |a LTT 
999 |a From the UDN01 
TYP |a Monograph 
TYP |a Printed language 
980 |a Mạng thư viện Đại học Đà Nẵng